| 000 | 00502nam a2200181Ia 4500 | ||
|---|---|---|---|
| 999 |
_c29196 _d29196 |
||
| 003 | OSt | ||
| 005 | 20210108142643.0 | ||
| 008 | 190216s9999||||xx |||||||||||||| ||und|| | ||
| 020 | _a9788171301751 | ||
| 040 | _coclc | ||
| 082 |
_a894.812301 _bNAR/A |
||
| 100 |
_aNarendranath, P _98159 |
||
| 245 | 0 |
_aAmmayute Umma / _cP Narendranath |
|
| 260 |
_bDc Books, _aKottayam: _c2006. |
||
| 300 | _a84p | ||
| 650 | _aKathakal | ||
| 942 |
_cBK _2ddc _h894.812301 _iNAR/A _k894.812301 _mNAR/A |
||